Stolice Bliskiego Wschodu - Statystyki

Ogólne statystyki
  • Ten quiz został rozwiązany 80 razy
  • Średni wynik to 17 z 20
Statystyki odpowiedzi
Państwo Stolica % Poprawnych
Egipt Kair
100%
Turcja Ankara
98%
Irak Bagdad
98%
Izrael Jerozolima
98%
Iran Teheran
98%
Arabia Saudyjska Rijad
95%
Syria Damaszek
93%
Kuwejt Kuwejt
93%
Cypr Nikozja
93%
Zjednoczone Emiraty Arabskie Abu Zabi
90%
Liban Bejrut
88%
Jordania Amman
83%
Azerbejdżan Baku
83%
Katar Doha
78%
Armenia Erywań
78%
Jemen Sana
73%
Gruzja Tbilisi
68%
Oman Maskat
63%
Bahrajn Manama
58%
Palestyna Ramallah
33%
Nie znaleziono quizów pasujących do podanych kryteriów
Rozkład punktacji
Procent ludzi z każdym wynikiem
Percentyl według liczby udzielonych odpowiedzi
Twoja historia wyników
Nie rozwiązałeś tego quizu